000 00299 a2200121 4500
003 Nust
005 20170207154221.0
040 _cNust
082 _a371.33
245 _aPotential Offrs Dev course (PODC) (CD-12)
440 _aPotential Offrs Dev course (PODC) (CD-12)
538 _aDuration Mins 10
650 _aCD No 354
_cCD-12
999 _c195316
_d195316